| 000 | 00845nam a22002177a 4500 | ||
|---|---|---|---|
| 999 |
_c10041 _d10041 |
||
| 003 | AR-CdUCM | ||
| 008 | 190329b ||||| |||| 00| 0 spa d | ||
| 040 |
_aMUNICIPALIDAD PROVINCIAL DEL CUSCO _cBIBLIOTECA MUNICIPAL DEL CUSCO |
||
| 082 |
_aES / 800 / _bAV958 |
||
| 100 |
_aAvila, Teresa de _926661 |
||
| 245 | _aM. Dolores Garcia-Lomas / | ||
| 260 |
_aBarcelona : _bEditorial Mateu. |
||
| 300 |
_a249 páginas ; _bIlustraciones, _c19 cm. |
||
| 440 |
_aColección mujeres Insignes _926662 |
||
| 505 | _aContenido: Un bautizo en la ciudad amurallada -- Un paso hacia el martirio -- Buscando "tierra de moros" -- El retorno al hogar -- Muere Doña Beatriz -- María contrae matrimonio... | ||
| 650 |
_aLiteratura universal _9611 |
||
| 650 |
_aFicción _9184 |
||
| 650 |
_aHIstoria de una monja _915805 |
||
| 942 |
_2ddc _cLIBROS |
||
| 945 | _adavv | ||